000 00566nam a2200169 a 4500
001 000032153
005 20200930063456.0
008 110713s1995 dr c 000 0 spa d
040 _aDO-SdBNP
_bspa
_cBNPHU
082 _axxxx
_bC422p
100 1 _aCéspedes Argote, Onoria
_958257
245 1 0 _a¿Porqué Máximo Gómez fue declarado hijo adoptivo de Bayamo? :
_bhistoria de la ciudad de Bayamo.
260 _aBaní :
_bcominte Amigos de Cuba de Bani,
_c1995.
300 _a36 p. :
_bretrs. ;
_c13 cm.
504 _aInlcuye bibliografía : [p. 36 p.]
049 _aBNPD
999 _c31644
_d31644